[Event "A passed pawn you push is worth two in the bush"]
[Site "SchemingMind.com"]
[Date "2013.04.23"]
[Round "-"]
[White "krzysztof"]
[Black "Archon"]
[Result "0-1"]
[WhiteCountry "POL"]
[BlackCountry "CAN"]
[WhiteElo "1514"]
[WhiteRD "80"]
[BlackElo "1694"]
[BlackRD "57"]
[GameID "330777"]

1. Nc3 Nf6 2. e4 d6 3. Nf3 c5 4. Bc4 g6 5. d4 cxd4 6. Qxd4 Nc6 7. Qd2 Bg7 8. O-O O-O 9. Re1 Bg4 10. Qe3 Bxf3
11. Qxf3 Ne5 12. Qe2 Nxc4 13. Qxc4 Rc8 14. Qe2 Rxc3 15. bxc3 Qc7 16. Bb2 Nd7 17. Rab1 b6 18. c4 Ne5 19. Bxe5 Bxe5 20. Rb3 Rc8
21. Reb1 Qxc4 22. Qxc4 Rxc4 23. Ra3 Rxc2 24. Rxa7 Bd4 25. Rxe7 Bxf2+ 26. Kh1 Rxa2 27. e5 dxe5 28. Rxe5 Bc5 29. Rd5 Kg7 30. Rd7 Rf2
31. h3 Kf8 32. Re1 Rb2 33. h4 Rf2 34. Rd8+ Kg7 35. Kh2 Rf4 36. Kg3 Rf2 37. Ree8 Rb2 38. Rd3 Bf2+ 39. Kh3 Bc5 40. g4 Ra2
41. h5 Ra3 42. Rxa3 Bxa3 43. Re5 Bc5 44. Kh4 Kf6 45. Re1 Bf2+ 46. Kh3 Bxe1
0-1

[Event "A passed pawn you push is worth two in the bush"]
[Site "SchemingMind.com"]
[Date "2013.04.23"]
[Round "-"]
[White "krzysztof"]
[Black "emvarela"]
[Result "0-1"]
[WhiteCountry "POL"]
[BlackCountry "ARG"]
[WhiteElo "1504"]
[WhiteRD "82"]
[BlackElo "1731"]
[BlackRD "49"]
[GameID "330778"]

1. b3 e5 2. Bb2 Nc6 3. e4 Nf6 4. Bc4 Nxe4 5. Bxf7+ Kxf7 6. Qh5+ g6 7. Qf3+ Nf6 8. Nc3 Nd4 9. Qd3 d6 10. Nf3 Bf5
11. Nxe5+ dxe5 12. Qc4+ Be6 13. Qd3 Bf5 14. Qc4+ Be6 15. Qd3 Bf5 16. Qc4+ Kg7 17. O-O-O Nxc2 18. Ne2 Nb4 19. Nc3 Nd3+ 20. Kc2 Nxb2+
21. Kxb2 Qd6 22. Nb5 Qb6 23. Qxc7+ Qxc7 24. Nxc7 Rc8 25. Nb5 Rc2+ 26. Ka1 a6 27. Nd6 Bxd6 28. d4 exd4 29. Rxd4 Be5 30. Kb1 Rd2+
31. Kc1 Rxd4 32. Rd1 Rc8+ 33. Kb2 Ra4+ 34. Rd4 Bxd4#
0-1

[Event "A passed pawn you push is worth two in the bush"]
[Site "SchemingMind.com"]
[Date "2013.04.23"]
[Round "-"]
[White "krzysztof"]
[Black "eun77"]
[Result "1-0"]
[WhiteCountry "POL"]
[BlackCountry "ISR"]
[WhiteElo "1514"]
[WhiteRD "80"]
[BlackElo "1373"]
[BlackRD "54"]
[GameID "330779"]

1. e4 e5 2. Nf3 d6 3. Bb5+ c6 4. Bc4 h6 5. d4 exd4 6. Qxd4 Qf6 7. Qe3 Qd8 8. O-O Nf6 9. Rd1 Be7 10. e5 O-O
11. exf6 Bxf6 12. Nc3 Re8 13. Qf4 d5 14. Bb3 Be6 15. Qg3 Kh8 16. Ne2 Nd7 17. c3 Nf8 18. Bc2 Ng6 19. Bxg6 fxg6 20. Qxg6 Qe7
21. Ng3
1-0

[Event "A passed pawn you push is worth two in the bush"]
[Site "SchemingMind.com"]
[Date "2013.04.24"]
[Round "-"]
[White "krzysztof"]
[Black "kubinet"]
[Result "1-0"]
[WhiteCountry "POL"]
[BlackCountry "GER"]
[WhiteElo "1514"]
[WhiteRD "80"]
[BlackElo "1305"]
[BlackRD "57"]
[GameID "330780"]

1. g3 g6 2. Bg2 Bg7 3. d4 d5 4. Nc3 c6 5. Nf3 Nf6 6. O-O O-O 7. Bg5 Nbd7 8. Ne5 Nxe5 9. dxe5 Nd7 10. Bf4 Nxe5
11. e4 e6 12. Bxe5 Bxe5 13. exd5 exd5 14. Re1 Bxc3 15. bxc3 Qf6 16. Qd3 Bf5 17. Qd2 Rae8 18. Rab1 b6 19. a4
1-0

[Event "A passed pawn you push is worth two in the bush"]
[Site "SchemingMind.com"]
[Date "2013.04.28"]
[Round "-"]
[White "capablanca"]
[Black "krzysztof"]
[Result "1/2-1/2"]
[WhiteCountry "GER"]
[BlackCountry "POL"]
[WhiteElo "1758"]
[WhiteRD "62"]
[BlackElo "1504"]
[BlackRD "82"]
[GameID "330781"]

1. d4 d5 2. c4 dxc4 3. Qa4+ Nc6 4. Qxc4 Be6 5. Qb5 Rb8 6. Nf3 a6 7. Qa4 Nf6 8. e3 Bd7 9. Qd1 e6 10. Bc4 Bd6
11. O-O b5 12. Be2 e5 13. dxe5 Bxe5 14. Nxe5 Nxe5 15. b3 O-O 16. Bb2 Qe7 17. Nd2 Rfd8 18. Rc1 c5 19. Nf3 Ng6 20. Qc2 Rbc8
21. Ba1 Be6 22. Rfd1 c4 23. Bxf6 Qxf6 24. Qc3 Qe7 25. bxc4 Bxc4 26. Rxd8+ Qxd8 27. Bxc4 Rxc4 28. Qe1 Qd5 29. Nd4 h6 30. Rxc4 Qxc4
31. Qb1 Ne7 32. h3 Nd5 33. Qb3 Qxb3 34. axb3 Nc7 35. Kf1 a5 36. Ke2 a4 37. bxa4 bxa4 38. Kd3 Kf8 39. Kc4 Na6 40. Nc2 Ke7
41. Kb5 Nc7+ 42. Kxa4 Nd5 43. Kb3 Ke6 44. Kc4 Ne7 45. Kd3 f5 46. g4 fxg4 47. hxg4 g6 48. Ke4 g5 49. Nd4+ Kf6 50. f4 gxf4
51. exf4 Kg6 52. Ke5 h5 53. gxh5+ Kxh5 54. Ke6 Ng6 55. f5 Nf4+ 56. Ke5 Nh3 57. Ne6 Kh6 58. Kf6 Nf2 59. Kf7 Ne4 60. Ke7 Kh7
61. f6 Nxf6 62. Kxf6
1/2-1/2

[Event "A passed pawn you push is worth two in the bush"]
[Site "SchemingMind.com"]
[Date "2013.04.28"]
[Round "-"]
[White "APB"]
[Black "krzysztof"]
[Result "1-0"]
[WhiteCountry "ENG"]
[BlackCountry "POL"]
[WhiteElo "1626"]
[WhiteRD "70"]
[BlackElo "1514"]
[BlackRD "80"]
[GameID "330782"]

1. e4 e5 2. Nf3 Nc6 3. Bc4 h6 4. d4 exd4 5. Nxd4 Qf6 6. Nb5 Bd6 7. Nxd6+ cxd6 8. O-O Ne5 9. Bb3 Ne7 10. Nc3 a6
11. f4 N5c6 12. Be3 Ng6 13. Nd5 Qd8 14. Bb6 Qh4 15. Nc7+ Kf8 16. Qxd6+ Kg8 17. Nxa8 Qe7 18. Qd3 d6 19. Nc7 Bg4 20. Nd5 Qd7
21. h3 Bxh3 22. gxh3 Nge7 23. Rf2 g6 24. Nf6+ Kf8 25. Nxd7+ Ke8 26. Qxd6 h5 27. Rd1 Rh6 28. Qc7 f6 29. Qxb7 g5 30. Qa8+ Nd8
31. Qxd8#
1-0

[Event "A passed pawn you push is worth two in the bush"]
[Site "SchemingMind.com"]
[Date "2013.04.28"]
[Round "-"]
[White "Archon"]
[Black "krzysztof"]
[Result "0-1"]
[WhiteCountry "CAN"]
[BlackCountry "POL"]
[WhiteElo "1654"]
[WhiteRD "54"]
[BlackElo "1518"]
[BlackRD "82"]
[GameID "330783"]

1. Nf3 d5 2. e3 Nf6 3. b3 Bg4 4. Bb5+ c6 5. Be2 h5 6. h3 Bf5 7. Bb2 Qb6 8. c4 dxc4 9. Bxc4 Nbd7 10. O-O O-O-O
11. Qe2 Nd5 12. d4 Be4 13. Nfd2 f5 14. Nxe4 fxe4 15. Nc3 Nxc3 16. Bxc3 Nf6 17. Qe1 Qc7 18. Ba5 b6 19. Be6+ Kb7 20. Bd2 g5
21. Rc1 g4 22. b4 gxh3 23. Bxh3 e5 24. b5 exd4 25. Rxc6 Qe5 26. exd4 Qxb5 27. Rxf6 Bd6 28. Rf7+ Ka8 29. Be3 Qc4 30. Qa1 Qxf7
0-1

[Event "A passed pawn you push is worth two in the bush"]
[Site "SchemingMind.com"]
[Date "2013.04.28"]
[Round "-"]
[White "emvarela"]
[Black "krzysztof"]
[Result "1-0"]
[WhiteCountry "ARG"]
[BlackCountry "POL"]
[WhiteElo "1741"]
[WhiteRD "47"]
[BlackElo "1496"]
[BlackRD "87"]
[GameID "330784"]

1. e4 e5 2. Nf3 Nc6 3. d4 d6 4. Bb5 Ne7 5. O-O Bd7 6. c3 a6 7. Ba4 b5 8. Bc2 exd4 9. Nxd4 Ne5 10. Bf4 N7g6
11. Bxe5 dxe5 12. Nf3 Bd6 13. Nbd2 O-O 14. Re1 Nf4 15. Nf1 Qf6 16. Ne3 g5 17. Nd5 Qh6 18. Nxc7 Ra7 19. Nd5 g4 20. Nxf4 exf4
21. Nd4 f3 22. g3 Qh3 23. Nxf3 Bc5 24. Ng5 Qh5 25. Qd5 Bxf2+ 26. Kxf2 Qxh2+ 27. Ke3 Qxg3+ 28. Kd2 Be6 29. Nxe6 fxe6 30. Qxe6+ Kh8
31. Qd5 Rf2+ 32. Kc1 Qf4+ 33. Kb1 Rf7 34. Qd8+ Kg7 35. Qd4+ Kf8 36. Qd8+ Kg7 37. Qd4+ Kg8 38. Bb3 Rf1 39. Bxf7+ Kxf7 40. Qd5+ Kg6
41. Qe6+ Kg5 42. Qd5+ Kh4 43. Kc2 Rxe1 44. Rxe1 Qf2+ 45. Qd2 Qxd2+ 46. Kxd2 g3 47. e5 g2 48. e6 Kh3 49. e7 Kh2 50. e8=Q
1-0

[Event "A passed pawn you push is worth two in the bush"]
[Site "SchemingMind.com"]
[Date "2013.04.28"]
[Round "-"]
[White "kubinet"]
[Black "krzysztof"]
[Result "0-1"]
[WhiteCountry "GER"]
[BlackCountry "POL"]
[WhiteElo "1305"]
[WhiteRD "57"]
[BlackElo "1514"]
[BlackRD "80"]
[GameID "330786"]

1. e4 e5 2. Bc4 Nc6 3. Nc3 Qh4 4. Nf3 Qf6 5. O-O d6 6. h3 Qg6 7. Kh1 Nd4 8. d3 Nxf3 9. Qxf3 h5 10. Nd5 Kd7
11. Nc3 Nf6 12. Be3 Kd8 13. Qe2 Be6 14. Bxe6 fxe6 15. f4 exf4 16. Bxf4 Be7 17. Rf2 Qf7 18. Raf1 e5 19. Bg5 Qg6
0-1

[Event "A passed pawn you push is worth two in the bush"]
[Site "SchemingMind.com"]
[Date "2013.04.23"]
[Round "-"]
[White "dadshane2000"]
[Black "capablanca"]
[Result "1/2-1/2"]
[WhiteCountry "USA"]
[BlackCountry "GER"]
[WhiteElo "2023"]
[WhiteRD "87"]
[BlackElo "1733"]
[BlackRD "62"]
[GameID "330787"]

1. e4 c5 2. Nf3 d6 3. d4 cxd4 4. Nxd4 Nc6 5. c4 g6 6. Be3 Bg7 7. Nc3 Nf6 8. Be2 O-O 9. O-O a6 10. Qd2 Ne5
11. f3 Bd7 12. Rac1 Rc8 13. b3 Nc6 14. Rfd1 Qe8 15. Nxc6 Bxc6 16. Nd5 Nxd5 17. exd5 Bd7 18. Bd4 Bxd4+ 19. Qxd4 b5 20. cxb5 axb5
21. Rxc8 Qxc8 22. Qb2 Qb7 23. Qd4 Ra8 24. Rd2 Qa7 25. Qxa7 Rxa7 26. Bd3 Rc7 27. Kf2 e6 28. dxe6 fxe6 29. Ke3 Kf7 30. g4 Rc1
31. Kf4 h6 32. Be2 Ke7 33. h4 e5+ 34. Kg3 Bc6 35. Bd3 Rc3 36. Kf2 Kf7 37. h5 g5 38. Bg6+ Ke7 39. Bd3= d5 40. Bf5 b4
41. Bg6 Kd6 42. Be4 d4 43. Bxc6= Kxc6 44. Ke2 Kd5 45. Kf2 e4 46. fxe4+ Kxe4 47. Re2+ Re3 48. Rc2 Rc3 49. Re2+ Kf4 50. Re6 Rc2+
51. Ke1 Rxa2 52. Rxh6 Kxg4 53. Rd6 Kxh5=
1/2-1/2

[Event "A passed pawn you push is worth two in the bush"]
[Site "SchemingMind.com"]
[Date "2013.04.23"]
[Round "-"]
[White "dadshane2000"]
[Black "APB"]
[Result "1-0"]
[WhiteCountry "USA"]
[BlackCountry "ENG"]
[WhiteElo "2036"]
[WhiteRD "85"]
[BlackElo "1633"]
[BlackRD "69"]
[GameID "330788"]

1. e4 e5 2. Nf3 Nc6 3. Bb5 a6 4. Ba4 Nf6 5. O-O Be7 6. Re1 b5 7. Bb3 O-O 8. d3 d6 9. c3 Bg4 10. Nbd2 d5
11. exd5 Nxd5 12. h3 Bxf3 13. Qxf3 Nf6 14. Qxc6 Qxd3 15. Rxe5 Bd6 16. Re3 Qf5 17. Nf3 b4 18. Nd4 Qf4 19. g3 Qh6 20. Kg2 Qh5
21. Bd2 Rfe8 22. Qf3 Qxf3+ 23. Nxf3 Rxe3 24. Bxe3 bxc3 25. bxc3 Ne4 26. c4
1-0

[Event "A passed pawn you push is worth two in the bush"]
[Site "SchemingMind.com"]
[Date "2013.04.23"]
[Round "-"]
[White "dadshane2000"]
[Black "Archon"]
[Result "1-0"]
[WhiteCountry "USA"]
[BlackCountry "CAN"]
[WhiteElo "2036"]
[WhiteRD "85"]
[BlackElo "1654"]
[BlackRD "54"]
[GameID "330789"]

1. e4 d6 2. d4 Nf6 3. Nc3 g6 4. Bg5 Bg7 5. Qd2 h6 6. Bh4 O-O 7. O-O-O g5 8. Bg3 Nh5 9. Be2 Nxg3 10. hxg3 e6
11. Nh3 Qf6 12. f4 gxf4 13. gxf4 Nc6 14. e5 dxe5 15. dxe5 Qg6 16. Bd3 f5 17. exf6 Qxf6 18. g3 e5 19. Bc4+ Kh8 20. fxe5 Nxe5
21. Rdf1 Qd8 22. Qxd8 Rxd8 23. Bb3 Bxh3 24. Rxh3 Rf8 25. Rhh1 Ng4 26. Nd5 Rxf1+ 27. Rxf1 c6 28. Nf4 Bf6 29. Kb1 Bg5 30. Ne6 Be3
31. Rf7 Rb8 32. Rg7 Nf6 33. c3 b5 34. Rg6 Nh5 35. g4 Ng3 36. Rf6 Re8 37. Rf3
1-0

[Event "A passed pawn you push is worth two in the bush"]
[Site "SchemingMind.com"]
[Date "2013.04.25"]
[Round "-"]
[White "dadshane2000"]
[Black "emvarela"]
[Result "1-0"]
[WhiteCountry "USA"]
[BlackCountry "ARG"]
[WhiteElo "2036"]
[WhiteRD "85"]
[BlackElo "1765"]
[BlackRD "48"]
[GameID "330790"]

1. e4 e5 2. Nf3 Nc6 3. Bb5 a6 4. Ba4 Nf6 5. O-O Be7 6. Re1 b5 7. Bb3 O-O 8. c3 d5 9. exd5 Nxd5 10. Nxe5 Nxe5
11. Rxe5 c6 12. d4 Bd6 13. Re1 Qh4 14. g3 Qh3 15. Nd2
1-0

[Event "A passed pawn you push is worth two in the bush"]
[Site "SchemingMind.com"]
[Date "2013.04.28"]
[Round "-"]
[White "dadshane2000"]
[Black "krzysztof"]
[Result "1-0"]
[WhiteCountry "USA"]
[BlackCountry "POL"]
[WhiteElo "2036"]
[WhiteRD "85"]
[BlackElo "1518"]
[BlackRD "82"]
[GameID "330791"]

1. e4 e5 2. Nf3 Nc6 3. Bb5 Nge7 4. Nc3 a6 5. Bc4 Ng6 6. d4 exd4 7. Nxd4 Nxd4 8. Qxd4 d6 9. Be3 Be6 10. Bxe6 fxe6
11. O-O-O Qf6 12. Qa4+ c6 13. Qa5 Qe7 14. Bg5 Qxg5+ 15. Qxg5 Be7 16. Qa5 O-O 17. f3 Bg5+ 18. Qxg5 d5 19. exd5 exd5 20. Nxd5 Rad8
21. Ne7+ Nxe7 22. Qxe7 Rxd1+ 23. Rxd1 h6 24. Rd7 Rf7 25. Qxf7+ Kh8 26. Qxg7#
1-0

[Event "A passed pawn you push is worth two in the bush"]
[Site "SchemingMind.com"]
[Date "2013.04.23"]
[Round "-"]
[White "dadshane2000"]
[Black "eun77"]
[Result "1-0"]
[WhiteCountry "USA"]
[BlackCountry "ISR"]
[WhiteElo "2023"]
[WhiteRD "87"]
[BlackElo "1373"]
[BlackRD "54"]
[GameID "330792"]

1. e4 e5 2. Nf3 d6 3. d4 exd4 4. Nxd4 Nc6 5. Bb5 Bd7 6. Nc3 Nxd4 7. Bxd7+ Qxd7 8. Qxd4 c6 9. Bf4 O-O-O 10. Qxa7 Qc7
11. O-O-O Qb8 12. Qxb8+ Kxb8 13. e5 Nh6 14. exd6 Rd7 15. Ne4 Nf5 16. g4 Nh6 17. Nc5 Kc8 18. Bxh6 gxh6 19. Nxd7 Kxd7 20. Rd3 Rg8
21. h3 Rg6 22. f4
1-0

[Event "A passed pawn you push is worth two in the bush"]
[Site "SchemingMind.com"]
[Date "2013.04.23"]
[Round "-"]
[White "capablanca"]
[Black "dadshane2000"]
[Result "1/2-1/2"]
[WhiteCountry "GER"]
[BlackCountry "USA"]
[WhiteElo "1694"]
[WhiteRD "64"]
[BlackElo "2036"]
[BlackRD "85"]
[GameID "330794"]

1. d4 Nf6 2. c4 g6 3. Nc3 d5 4. Bg5 Bg7 5. e3 c6 6. Nf3 O-O 7. Be2 h6 8. Bf4 Be6 9. cxd5 Nxd5 10. Nxd5 Bxd5
11. O-O Nd7 12. a3 a5 13. Rc1 Nf6 14. Ne5 a4 15. Bf3 Bb3 16. Qd2 Nd5 17. Bxd5 cxd5 18. Rc3 g5 19. Bg3 e6 20. Rfc1 Bxe5
21. Bxe5 Bc4 22. e4 f6 23. Bg3 b5 24. e5 f5 25. f4 g4 26. Qf2 Qe8 27. Bh4 Qh5 28. Be7 Rf7 29. Bb4 Rg7 30. Rg3 Raa7
31. Rcc3 Qh4 32. Rge3 Qxf2+ 33. Kxf2 h5 34. g3= Rh7 35. Kg2 h4 36. gxh4 Rxh4 37. h3 Rah7 38. Rg3 Rxh3 39. Rxh3 Rxh3 40. Rxh3 gxh3+
41. Kxh3 Kg7 42. Kh4 Kg6 43. Be7 Kh6=
1/2-1/2

[Event "A passed pawn you push is worth two in the bush"]
[Site "SchemingMind.com"]
[Date "2013.04.23"]
[Round "-"]
[White "APB"]
[Black "dadshane2000"]
[Result "0-1"]
[WhiteCountry "ENG"]
[BlackCountry "USA"]
[WhiteElo "1633"]
[WhiteRD "69"]
[BlackElo "2036"]
[BlackRD "85"]
[GameID "330795"]

1. e4 c5 2. Nf3 d6 3. d4 Nf6 4. Nc3 cxd4 5. Nxd4 Bd7 6. Be2 g6 7. O-O Bg7 8. Be3 O-O 9. h3 Nc6 10. f4 Rc8
11. a3 Nxd4 12. Bxd4 Bc6 13. Bf3 b6 14. Qe2 Qc7 15. g4 Nd7 16. Bxg7 Kxg7 17. h4 Nc5 18. Qh2 Qb7 19. Rae1 f5 20. gxf5 gxf5
21. Qg3+ Kh8 22. Qh3 fxe4 23. Bg4 Rg8 24. Kh2 Bd7 25. Rg1 Bxg4 26. Rxg4 Rxg4 27. Qxg4 Nd7 28. Rxe4 Nf6
0-1

[Event "A passed pawn you push is worth two in the bush"]
[Site "SchemingMind.com"]
[Date "2013.04.23"]
[Round "-"]
[White "Archon"]
[Black "dadshane2000"]
[Result "1/2-1/2"]
[WhiteCountry "CAN"]
[BlackCountry "USA"]
[WhiteElo "1694"]
[WhiteRD "57"]
[BlackElo "2023"]
[BlackRD "87"]
[GameID "330796"]

1. Nf3 c5 2. c4 g6 3. g3 b6 4. Bg2 Bb7 5. O-O Bg7 6. Nc3 Nf6 7. d3 O-O 8. Bg5 h6 9. Bd2 d5 10. cxd5 Nxd5
11. Rc1 Na6 12. a3 Nac7 13. Nxd5 Bxd5 14. Bc3 Ne6 15. Bxg7 Kxg7 16. b4 cxb4 17. axb4 Qd6 18. Qd2 a5 19. bxa5 bxa5 20. Ra1 a4
21. Rfc1 Rfb8 22. Qc3+ f6 23. Qa3 Qxa3 24. Rxa3 Rb3 25. Rca1 Rxa3 26. Rxa3 Nc5 27. Nd4 Bxg2 28. Kxg2 e5 29. Nb5 Rb8 30. Nc3 Rb3
31. Rxb3 axb3 32. Kf3 Kf7 33. Ke3 Ke6 34. Kd2 f5 35. Kc1 g5 36. Kb2 h5 37. Nb1 Kd5 38. Nd2 Ne6 39. Nxb3 g4 40. Nd2 f4
41. Ne4 Kd4 42. Kc2 fxg3 43. hxg3 Ng7 44. Kd2 Kd5 45. Kd1 Ke6 46. Kd2 Nf5 47. Kc3 Nd4 48. Kd2 Nf5 49. Kc3 Nd4 50. e3 Nf5
51. Kc4 h4 52. gxh4 Nxh4 53. d4 exd4 54. exd4 Nf3 55. d5+ Ke5 56. Ng3 Kf6 57. Kc5 Ne5 58. Kd6 Nf7+ 59. Kc6 Ne5+ 60. Kc7 Kg5
61. Kd6 Kf6 62. Nh5+ Kf5 63. Ng3+ Kf6 64. Ne4+ Kf5 65. Nc5 Nc4+ 66. Kc6 Ne5+ 67. Kc7 Kf4 68. Nd7 Nc4 69. Nf6 Kf3 70. d6 Nxd6
71. Kxd6 Kxf2 72. Nxg4+
1/2-1/2

[Event "A passed pawn you push is worth two in the bush"]
[Site "SchemingMind.com"]
[Date "2013.04.25"]
[Round "-"]
[White "emvarela"]
[Black "dadshane2000"]
[Result "0-1"]
[WhiteCountry "ARG"]
[BlackCountry "USA"]
[WhiteElo "1741"]
[WhiteRD "47"]
[BlackElo "1997"]
[BlackRD "87"]
[GameID "330797"]

1. e4 c5 2. Nf3 d6 3. d4 cxd4 4. Nxd4 Nf6 5. Nc3 Bd7 6. Be2 g6 7. Be3 Bg7 8. O-O O-O 9. a3 Nc6 10. Nxc6 Bxc6
11. f3 Rc8 12. Qd2 a6 13. Rfd1 Nd7 14. Bh6 b5 15. Bxg7 Kxg7 16. Qe3 Qb6 17. Qxb6 Nxb6 18. Rd2 Nc4 19. Bxc4 bxc4 20. Nd5 Bxd5
21. Rxd5 Rb8 22. Rb1 Rb6 23. b4 cxb3 24. cxb3 Rc8 25. Rd3 Rbc6 26. b4 Rc2 27. b5 Rc1+ 28. Rxc1 Rxc1+ 29. Kf2 axb5 30. g4 Rb1
31. h4 Kf6 32. Kg3 Ke6 33. Kf4 h6 34. Rd5 f6 35. g5 fxg5+ 36. hxg5 h5 37. Kg3 Rb3 38. Kf4 h4 39. Kg4 h3 40. Kxh3 Rxf3+
41. Kg4 Rxa3 42. Rxb5 Rd3 43. Kf4 Rc3 44. Rd5 Rc5 45. Rd3 d5 46. exd5+ Rxd5 47. Re3+ Kd6 48. Re4 e5+ 49. Ke3 Ke6 50. Rg4 Kf5
51. Rg3 e4 52. Rg1 Rd3+ 53. Ke2 Rf3
0-1

[Event "A passed pawn you push is worth two in the bush"]
[Site "SchemingMind.com"]
[Date "2013.04.28"]
[Round "-"]
[White "krzysztof"]
[Black "dadshane2000"]
[Result "0-1"]
[WhiteCountry "POL"]
[BlackCountry "USA"]
[WhiteElo "1504"]
[WhiteRD "82"]
[BlackElo "2022"]
[BlackRD "87"]
[GameID "330798"]

1. e4 c5 2. Nf3 d6 3. Bb5+ Nd7 4. e5 e6 5. d4 a6 6. Bxd7+ Bxd7 7. dxc5 dxc5 8. O-O Ne7 9. Nc3 Ng6 10. Bg5 Be7
11. Qd2 O-O 12. Rae1 Bc6 13. Qxd8 Raxd8 14. Bxe7 Nxe7 15. Rd1 Nf5 16. Rxd8 Rxd8 17. Rd1 Rxd1+ 18. Nxd1 Bxf3 19. gxf3 Nd4 20. Ne3 Nxf3+
21. Kg2 Nxe5 22. Kg3 b5 23. f4 Nc6 24. c4 Nd4 25. b3 Nf5+ 26. Nxf5 exf5 27. cxb5 axb5 28. a3 Kf8 29. Kf3 Ke7 30. Ke3 Kd6
31. Kd3 f6 32. b4 cxb4 33. axb4 g5 34. fxg5 fxg5 35. Kd4 h5 36. Ke3 Kd5 37. Kd3 f4 38. h3 g4 39. h4 g3 40. Ke2 Ke4
41. Kf1 Kf3 42. Kg1 g2 43. Kh2 Kf2 44. Kh3 f3 45. Kh2 g1=Q+ 46. Kh3 Qh1#
0-1

[Event "A passed pawn you push is worth two in the bush"]
[Site "SchemingMind.com"]
[Date "2013.04.23"]
[Round "-"]
[White "eun77"]
[Black "dadshane2000"]
[Result "0-1"]
[WhiteCountry "ISR"]
[BlackCountry "USA"]
[WhiteElo "1318"]
[WhiteRD "58"]
[BlackElo "2022"]
[BlackRD "87"]
[GameID "330799"]

1. c4 Nf6 2. d3 g6 3. Nf3 Bg7 4. e4 d6 5. h3 e5 6. Be2 O-O 7. O-O c6 8. Nh2 Na6 9. a3 Nc7 10. Bg4 Ne6
11. Bxe6 Bxe6 12. Bg5 Qb6 13. Bxf6 Bxf6 14. Qc2 Bg7 15. Nd2 f5 16. exf5 Bxf5 17. Nhf3 Rfe8 18. Rab1 d5 19. cxd5 cxd5 20. Nh4 Rac8
21. Qb3 Qxb3 22. Nxb3 Bxd3 23. Rbc1 Bxf1 24. Rxf1 Rc2 25. Rd1 Rxb2 26. Nd2 e4 27. g3 e3 28. fxe3 d4 29. exd4 Bxd4+ 30. Kf1 Rf8+
31. Nhf3 Bc5 32. Ke2 Bxa3 33. Kf2 Bc5+ 34. Ke2 a5 35. Kd3 a4 36. Kc3 a3 37. Nd4 Bb4+ 38. Kd3 Rxd2+ 39. Rxd2 Bxd2 40. Kxd2 Rd8
0-1